• 首页
  • 本馆介绍
  • 公告通知
  • 最新文献
  • 馆藏检索
  • 电子资源
  • 读者导购
  • 参考咨询
  • 我的图书馆
  • 登录
  • 详细信息显示
  • 放入我的书架
  • 预约/预借图书
  • 作者相关作品
  • 分类相关作品
  • 丛书相关作品
  • 出版社相关作品

书目信息

  • 表格格式
  • 工作单格式
  • 卡片格式
题名:
热爱海洋,参加海军
    
 
作者: 斯维利坚科 , Свириденко 著 ;勖仁 , 清槐 译
分册:  
出版信息: 北京   时代出版社  1956
页数: 126页
开本: 19cm
丛书名:
单 册:
中图分类: E512.53
科图分类:
主题词: 海军--苏联
电子资源:
ISBN: 5013.18
000 00840cam0 2200277 450
001 0105406921
005 20070123141948.0
010    @a5013.18@dCNY0.36
091    @a5013.18@dCNY0.36
100    @a19970509d1956 em y0chiy0110 ea
101 1  @achi@crus
102    @aCN@b110000
105    @ay z 000yy
106    @ar
200 1  @a热爱海洋,参加海军@9Re Ai Hai Yang , Can;Cen;Shen Jia Hai Jun @f(苏)斯维里琴柯(Г.Свириденко)著@g勖仁,清槐译@b专著
210    @a北京@c时代出版社@d1956
215    @a126页@d19cm
304    @a著者通译:斯维利坚科
606 0  @a海军@y苏联
690    @aE512.53@v3
701  1 @a斯维利坚科@9si wei li jian ke@bГ.@4著
701  1 @aСвириденко@bГ.@4著
702  0 @a勖仁@9xu ren@4译
702  0 @a清槐@9qing huai@4译
801  0 @aCN@bAiZhiMarc
905    @aBZT@dE512.53@e2@f2@sE512.53/2
    
    热爱海洋,参加海军/(苏)斯维里琴柯(Г.Свириденко)著/勖仁,清槐译.-北京:时代出版社,1956
    126页;19cm
    
    
    ISBN 5013.18:CNY0.36
    
●
相关链接 在五车中查询图书 在当当中查询图书 在豆瓣中查询图书


正题名:热爱海洋,参加海军     索取号:E512.53/2         预约/预借

序号 登录号 条形码 馆藏地/架位号 状态 备注
1 2000083582   2000083582   旧书回溯/ [索取号:E512.53/2] 在馆    
2 2000083623   2000083623   旧书回溯/ [索取号:E512.53/2] 在馆    
山东省滨州职业学院图书馆 欢迎您!
大连网信软件有限公司© 版权所有